00422nam a2200181Ia 4500003000400000005001700004008004100021040000700062041000800069082002400077100002100101245002400122260004500146300001100191365000800202650001600210650001400226OSt20230701122230.0210423s9999 xx 000 0 und d cAL aeng a307.1772223b LOBS aLOBO (Cyprian H) aSiddis in karnataka aBangalorebIndian Social Institutec2021 a34bPB cINR aCommunities aSociology